[Event "SR 3. liga A2 2010/2011"]
[Site "?"]
[Date "2011.02.13"]
[Round "8.5"]
[White "Mackovic, Matus"]
[Black "Sarmir, Milos"]
[Result "1/2-1/2"]
[WhiteElo "1846"]
[BlackElo "2062"]
[PlyCount "113"]
[EventDate "2010.??.??"]
[WhiteTeam "Slovakia"]
[BlackTeam "II"]
[WhiteTeamCountry "SVK"]
[BlackTeamCountry "SVK"]

1. e4 c6 2. d4 d5 3. Nc3 dxe4 4. Nxe4 Nd7 5. Nf3 Ngf6 6. Nxf6+ Nxf6 7. Be2 e6
8. Bf4 Be7 9. O-O O-O 10. c4 b6 11. Qc2 Bb7 12. Rfd1 Bd6 13. Bxd6 Qxd6 14. Rac1
c5 15. Qc3 Rfd8 16. dxc5 Qxc5 17. b4 Qc7 18. Qe5 Qe7 19. a3 Rac8 20. Rxd8+ Rxd8
21. Rd1 Ne8 22. Rxd8 Qxd8 23. Nd4 Qc7 24. f4 Kf8 25. Nb5 Qxe5 26. fxe5 a6 27.
Nd6 Nxd6 28. exd6 Ke8 29. c5 Kd7 30. Kf2 f6 31. Ke3 g5 32. g3 h6 33. h4 Bc8 34.
Bf3 bxc5 35. bxc5 a5 36. Ba8 Ba6 37. Kd4 Bf1 38. Bf3 Bb5 39. Bb7 Bf1 40. Bf3
Bb5 41. Bb7 Ba4 42. Kc4 Bc6 43. Bxc6+ Kxc6 44. Kd4 Kd7 45. Ke4 Kc6 46. Kd4 Kd7
47. Kc4 Kc6 48. hxg5 hxg5 49. Kd4 Kd7 50. a4 Kc6 51. Kc4 f5 52. Kd4 f4 53. Ke4
fxg3 54. Kf3 e5 55. Kxg3 e4 56. Kg4 Kd7 57. Kg3 1/2-1/2

[Event "SR 3. liga A2 2010/2011"]
[Site "?"]
[Date "2011.02.13"]
[Round "8.5"]
[White "Palka, Martin"]
[Black "Babirat, Michal"]
[Result "1-0"]
[WhiteElo "1855"]
[BlackElo "1757"]
[PlyCount "59"]
[EventDate "2010.??.??"]
[WhiteTeam "Slovakia"]
[BlackTeam "II"]
[WhiteTeamCountry "SVK"]
[BlackTeamCountry "SVK"]

1. e4 c5 2. Nf3 d6 3. d4 cxd4 4. Nxd4 Nf6 5. Nc3 g6 6. Be3 Bg7 7. f3 Nc6 8. Qd2
Bd7 9. O-O-O O-O 10. Kb1 Ne5 11. Bh6 Rc8 12. Bxg7 Kxg7 13. h4 h5 14. f4 Nc6 15.
Be2 Bg4 16. Bf3 Bxf3 17. gxf3 d5 18. e5 Ng8 19. Nxc6 bxc6 20. f5 e6 21. f6+ Kh7
22. Ne2 Qb6 23. Nf4 Rb8 24. b3 Nh6 25. Rhg1 Rg8 26. Rg5 a5 27. Rdg1 Qb4 28. c3
Qb6 29. Nxh5 gxh5 30. Rg7+ 1-0

[Event "SR 3. liga A2 2010/2011"]
[Site "?"]
[Date "2011.02.13"]
[Round "8.5"]
[White "Szekely, Stefan"]
[Black "Bilovsky, Milan"]
[Result "1/2-1/2"]
[WhiteElo "1976"]
[BlackElo "1918"]
[PlyCount "63"]
[EventDate "2010.??.??"]
[WhiteTeam "Slovakia"]
[BlackTeam "II"]
[WhiteTeamCountry "SVK"]
[BlackTeamCountry "SVK"]

1. c4 c5 2. Nc3 Nc6 3. Nf3 g6 4. g3 Bg7 5. Bg2 e6 6. O-O Nge7 7. d4 cxd4 8. Nb5
O-O 9. Nbxd4 d5 10. cxd5 Nxd4 11. Nxd4 Nxd5 12. e4 Nb6 13. Ne2 Bd7 14. Nc3 Rc8
15. Qb3 Qe7 16. Bf4 Rc4 17. Rad1 Rfc8 18. Bd6 Qe8 19. e5 Bc6 20. f3 f6 21. exf6
Bxf6 22. Ne4 Bg7 23. Bf4 Ba4 24. Qa3 Bxd1 25. Rxd1 Qc6 26. h4 Qa4 27. Qxa4 Rxa4
28. Bh3 Re8 29. Nd6 Rxf4 30. Nxe8 Rd4 31. Re1 e5 32. Nxg7 1/2-1/2

[Event "SR 3. liga A2 2010/2011"]
[Site "?"]
[Date "2011.02.13"]
[Round "8.5"]
[White "Valla, Tomas"]
[Black "Bjel, Tomas"]
[Result "1/2-1/2"]
[WhiteElo "1790"]
[BlackElo "1743"]
[PlyCount "107"]
[EventDate "2010.??.??"]
[WhiteTeam "Slovakia"]
[BlackTeam "II"]
[WhiteTeamCountry "SVK"]
[BlackTeamCountry "SVK"]

1. e4 e5 2. f4 d6 3. Nc3 Nc6 4. Bb5 Bd7 5. Nf3 Nge7 6. O-O g6 7. fxe5 Nxe5 8.
d4 N5c6 9. Ng5 f5 10. Bc4 d5 11. Nxd5 Bg7 12. e5 Na5 13. Nf6+ Bxf6 14. Bf7+ Kf8
15. exf6 Nec6 16. Be6 h6 17. Nf7 Qxf6 18. Nxh8 Bxe6 19. Nxg6+ Qxg6 20. d5 Rd8
21. Rf2 Bxd5 22. Qe1 Nc4 23. b3 N4e5 24. c4 Nf3+ 25. Rxf3 Bxf3 26. Ba3+ Kf7 27.
Qf2 Rg8 28. Qxf3 Rd8 29. Rd1 Rxd1+ 30. Qxd1 Qe6 31. Bc1 Kg7 32. Bf4 Qe7 33. Qd2
h5 34. h3 Kg6 35. Qf2 a6 36. Qg3+ Kf7 37. Bxc7 Nd4 38. Kh2 Ne2 39. Qe5 Qxe5+
40. Bxe5 Nc1 41. Kg3 Nxa2 42. Kf4 Nc1 43. Kxf5 Nxb3 44. Kg5 Nd2 45. Kxh5 Nxc4
46. Bc3 a5 47. Kh6 Kg8 48. g4 b5 49. Kg6 b4 50. Bd4 b3 51. Kf5 a4 52. Ke4 a3
53. Kd3 b2 54. Kc2 1/2-1/2

[Event "SR 3. liga A2 2010/2011"]
[Site "?"]
[Date "2011.02.13"]
[Round "8.6"]
[White "Brisudova, Veronika"]
[Black "Kahancova, Jana"]
[Result "1-0"]
[WhiteElo "1795"]
[BlackElo "1591"]
[PlyCount "75"]
[EventDate "2010.??.??"]
[WhiteTeam "Slovakia"]
[BlackTeam "II"]
[WhiteTeamCountry "SVK"]
[BlackTeamCountry "SVK"]

1. e4 e5 2. Nf3 Nc6 3. Bb5 a6 4. Ba4 Nf6 5. O-O b5 6. Bb3 Be7 7. Re1 d6 8. h3
O-O 9. c3 Bb7 10. d3 h6 11. Nbd2 a5 12. Nf1 Nd7 13. Ng3 Kh8 14. Nf5 Nb6 15.
Nxh6 gxh6 16. Bxh6 a4 17. Bxf8 Qxf8 18. Bc2 Qg7 19. Nh2 Rg8 20. Qh5+ Qh7 21.
Qxh7+ Kxh7 22. Rad1 Bc8 23. Kh1 Bh4 24. Rf1 f5 25. exf5 Bxf5 26. f4 Nd5 27.
fxe5 Ne3 28. Rxf5 Nxf5 29. d4 Rf8 30. g4 dxe5 31. Bxf5+ Kh6 32. Nf3 Bg3 33.
Nxe5 Nxe5 34. dxe5 Re8 35. e6 Kg5 36. Kg2 Bd6 37. Rd5 Kf6 38. Rxb5 1-0

[Event "SR 3. liga A2 2010/2011"]
[Site "?"]
[Date "2011.02.13"]
[Round "8.6"]
[White "Husek, Lubomir"]
[Black "Kalmar, Tamas"]
[Result "0-1"]
[WhiteElo "1786"]
[BlackElo "1754"]
[PlyCount "118"]
[EventDate "2010.??.??"]
[WhiteTeam "Slovakia"]
[BlackTeam "II"]
[WhiteTeamCountry "SVK"]
[BlackTeamCountry "SVK"]

1. e4 e6 2. d4 d5 3. e5 c5 4. c3 Nc6 5. Nf3 Qb6 6. a3 c4 7. Be2 f6 8. O-O Bd7
9. Qc2 f5 10. Be3 Na5 11. Nbd2 h6 12. Ne1 Be7 13. f4 g5 14. Bh5+ Kd8 15. h3 Be8
16. Bxe8 Kxe8 17. Qa4+ Nc6 18. Rb1 Qa5 19. Qd1 gxf4 20. Qh5+ Kd7 21. Bxf4 Qd8
22. Nc2 Qe8 23. Qxe8+ Kxe8 24. b3 cxb3 25. Rxb3 Na5 26. Rb5 b6 27. Rc1 Rc8 28.
Nb4 Bf8 29. Kf2 Ne7 30. g3 Nec6 31. Be3 Rg8 32. Nb1 Nxb4 33. Rxb4 Bxb4 34. axb4
Nc4 35. Bxh6 Rh8 36. Bg5 Rxh3 37. Kg2 Rh7 38. Nd2 Nxd2 39. Bxd2 Rg7 40. Kf3 Kd7
41. Rh1 a5 42. bxa5 bxa5 43. Ra1 Ra8 44. Ra4 Rg4 45. Bf4 Rgg8 46. c4 dxc4 47.
Rxc4 a4 48. Rc2 Rgc8 49. Ra2 Rc3+ 50. Ke2 Rb3 51. Kd2 Ra6 52. Kc2 Rf3 53. Ra1
Kc6 54. Rd1 Kd5 55. Kb2 Rb6+ 56. Ka2 a3 57. Bc1 Rxg3 58. Rd2 Rb4 59. Rf2 Rxd4
0-1

[Event "SR 3. liga A2 2010/2011"]
[Site "?"]
[Date "2011.02.13"]
[Round "8.6"]
[White "Jancik, Ondrej"]
[Black "Zisek, Jaroslav"]
[Result "0-1"]
[WhiteElo "1728"]
[BlackElo "1871"]
[PlyCount "80"]
[EventDate "2010.??.??"]
[WhiteTeam "Slovakia"]
[BlackTeam "II"]
[WhiteTeamCountry "SVK"]
[BlackTeamCountry "SVK"]

1. e4 c5 2. Nf3 d6 3. d4 cxd4 4. Nxd4 Nf6 5. Nc3 a6 6. Be2 e6 7. Be3 Be7 8. O-O
Nbd7 9. Kh1 b5 10. f3 Qc7 11. Rc1 Nb6 12. Nb3 Bb7 13. Na5 Bc8 14. Qd4 Rb8 15.
a3 O-O 16. Na2 Na4 17. b4 d5 18. e5 Nd7 19. f4 Ra8 20. Qa1 Ndb6 21. Rf3 Nc4 22.
Bd4 Nxa5 23. bxa5 Qxa5 24. c3 Bb7 25. Nb4 Rac8 26. Bf2 Qc7 27. Rh3 Qd7 28. Rd1
a5 29. Bd3 g6 30. Na2 Qc6 31. Bf1 Nc5 32. Qb2 Ne4 33. Be1 Ba6 34. Qe2 Bxa3 35.
Rdd3 b4 36. Rxh7 Bxd3 37. Qxd3 Kxh7 38. Bh4 Qc4 39. Qf3 Qxa2 40. Qh3 Kg7 0-1

[Event "SR 3. liga A2 2010/2011"]
[Site "?"]
[Date "2011.02.13"]
[Round "8.6"]
[White "Krchnak, Rudolf"]
[Black "Brunovsky, Peter"]
[Result "0-1"]
[WhiteElo "1886"]
[BlackElo "1785"]
[PlyCount "62"]
[EventDate "2010.??.??"]
[WhiteTeam "Slovakia"]
[BlackTeam "II"]
[WhiteTeamCountry "SVK"]
[BlackTeamCountry "SVK"]

1. d4 Nf6 2. Nc3 g6 3. e4 d6 4. f4 Bg7 5. Nf3 O-O 6. Be3 b6 7. h3 Bb7 8. Bd3
Na6 9. e5 Ne8 10. Qd2 c5 11. Be4 Bxe4 12. Nxe4 Nec7 13. O-O-O d5 14. Nc3 e6 15.
g4 Qd7 16. h4 Nb5 17. Nxb5 Qxb5 18. h5 Rfc8 19. hxg6 hxg6 20. Qh2 Nb4 21. Kd2
Qc4 22. Ke1 Qxc2 23. Qh7+ Kf8 24. Rd2 Qe4 25. Ke2 cxd4 26. Rxd4 Rc2+ 27. Rd2
Rxd2+ 28. Nxd2 Qg2+ 29. Kd1 Qxg4+ 30. Kc1 Rc8+ 31. Kb1 Qf5+ 0-1

[Event "SR 3. liga A2 2010/2011"]
[Site "?"]
[Date "2011.02.13"]
[Round "8.6"]
[White "Markuliak, Mario"]
[Black "Mackovic, Miroslav"]
[Result "1/2-1/2"]
[WhiteElo "1864"]
[BlackElo "1915"]
[PlyCount "51"]
[EventDate "2010.??.??"]
[WhiteTeam "Slovakia"]
[BlackTeam "II"]
[WhiteTeamCountry "SVK"]
[BlackTeamCountry "SVK"]

1. c4 Nf6 2. Nc3 g6 3. g3 Bg7 4. Bg2 O-O 5. Nf3 Nc6 6. O-O Rb8 7. Rb1 a6 8. b4
b5 9. c5 d5 10. cxd6 cxd6 11. d3 Qc7 12. Bd2 d5 13. Rc1 Qd7 14. Bf4 Rb7 15. Ne5
Nxe5 16. Bxe5 e6 17. Nb1 Ne8 18. Bxg7 Kxg7 19. Nd2 Rc7 20. Nb3 Qd6 21. Rc5 f5
22. Qa1+ Kg8 23. Rfc1 Rff7 24. Qc3 Bb7 25. Na5 Ba8 26. Qb2 $11 1/2-1/2

[Event "SR 3. liga A2 2010/2011"]
[Site "?"]
[Date "2011.02.13"]
[Round "8.6"]
[White "Sandor, Stefan"]
[Black "Gubis, Vladimir"]
[Result "0-1"]
[WhiteElo "1682"]
[BlackElo "1795"]
[PlyCount "64"]
[EventDate "2010.??.??"]
[WhiteTeam "Slovakia"]
[BlackTeam "II"]
[WhiteTeamCountry "SVK"]
[BlackTeamCountry "SVK"]

1. e4 c5 2. d4 cxd4 3. Qxd4 Nc6 4. Qd3 d6 5. Nf3 Nf6 6. Nc3 e6 7. Be2 Be7 8.
O-O a6 9. a3 Qc7 10. Bf4 O-O 11. Qd2 Rd8 12. Rad1 b6 13. Rfe1 Bb7 14. Bd3 e5
15. Bg5 Na5 16. b3 Rac8 17. Na2 b5 18. Rc1 Rd7 19. Qd1 h6 20. Bd2 Bf8 21. Bb4
Qb6 22. Qd2 Nc6 23. c4 bxc4 24. Rxc4 a5 25. Bc3 Ba6 26. Ra4 Bxd3 27. b4 Qb5 28.
Qd1 Bxe4 29. Nd2 Bd5 30. Nc1 Rdc7 31. bxa5 Nd8 32. Ba1 Rxc1 0-1

[Event "SR 3. liga A2 2010/2011"]
[Site "?"]
[Date "2011.02.13"]
[Round "8.7"]
[White "Havlicek, Peter"]
[Black "Puskar, Peter"]
[Result "0-1"]
[WhiteElo "1688"]
[BlackElo "1706"]
[PlyCount "80"]
[EventDate "2010.??.??"]
[WhiteTeam "Slovakia"]
[BlackTeam "II"]
[WhiteTeamCountry "SVK"]
[BlackTeamCountry "SVK"]

1. e4 c5 2. f4 Nc6 3. Nf3 d6 4. c3 Nf6 5. d3 e6 6. Be2 Be7 7. h3 O-O 8. Be3 d5
9. e5 Nd7 10. g4 a6 11. O-O b5 12. Nbd2 Bb7 13. Qe1 Nb6 14. d4 cxd4 15. cxd4
Nc4 16. Nxc4 bxc4 17. Qg3 a5 18. a3 a4 19. f5 Kh8 20. Rf2 Rb8 21. Kh1 Ba6 22.
Rb1 Bxa3 23. f6 gxf6 24. exf6 Bd6 25. Qh4 Rg8 26. Ng5 Rxg5 27. Qxg5 Qf8 28.
Rbf1 Rxb2 29. Qg7+ Qxg7 30. fxg7+ Kg8 31. Bh6 Rb7 32. Rf6 Nxd4 33. Bd1 a3 34.
Ba4 Bb5 35. Bxb5 Nxb5 36. Rxe6 Rb8 37. Re2 Nc3 38. Ree1 Ne4 39. Bf4 Bxf4 40.
Rxf4 a2 0-1

[Event "SR 3. liga A2 2010/2011"]
[Site "?"]
[Date "2011.02.13"]
[Round "8.7"]
[White "Nedorost, Lubomir"]
[Black "Kosar, Mikulas st"]
[Result "1-0"]
[WhiteElo "1601"]
[BlackElo "1835"]
[PlyCount "43"]
[EventDate "2010.??.??"]
[WhiteTeam "Slovakia"]
[BlackTeam "II"]
[WhiteTeamCountry "SVK"]
[BlackTeamCountry "SVK"]

1. e4 e5 2. Nc3 Nf6 3. Bc4 Be7 4. f4 d6 5. d3 Bg4 6. Nf3 exf4 7. Bxf4 Nbd7 8.
O-O O-O 9. h3 Bh5 10. Qe1 Bxf3 11. Rxf3 Ne5 12. Bxe5 dxe5 13. Qg3 Bc5+ 14. Kh1
Qe7 15. Rf5 Rae8 16. Raf1 Kh8 17. Ne2 Bd6 18. Qg5 Nd7 19. Qg4 f6 20. Rh5 g5 21.
Ng3 Qg7 22. Nf5 1-0

[Event "SR 3. liga A2 2010/2011"]
[Site "?"]
[Date "2011.02.13"]
[Round "8.7"]
[White "Tomovicsova, Evelina"]
[Black "Vach, Jozef"]
[Result "0-1"]
[WhiteElo "1677"]
[BlackElo "1900"]
[PlyCount "90"]
[EventDate "2010.??.??"]
[WhiteTeam "Slovakia"]
[BlackTeam "II"]
[WhiteTeamCountry "SVK"]
[BlackTeamCountry "SVK"]

1. e4 e5 2. Nf3 Nc6 3. Nc3 d6 4. d4 Bg4 5. dxe5 Nxe5 6. Be2 Nf6 7. Nxe5 Bxe2 8.
Qxe2 dxe5 9. Bg5 c6 10. Rd1 Qc7 11. Bxf6 gxf6 12. Qf3 Qe7 13. Ne2 Bg7 14. a3
Qe6 15. Ng3 O-O 16. O-O Rfd8 17. Nf5 Bf8 18. Rd3 Rxd3 19. Qxd3 Kh8 20. Rd1 Bc5
21. Qg3 Bf8 22. h3 Qc4 23. Qg4 Qxc2 24. Rd6 Qc1+ 25. Kh2 Qf4+ 26. Qxf4 exf4 27.
Rxf6 Kg8 28. Nh6+ Bxh6 29. Rxh6 Rd8 30. Rf6 Rd2 31. Rxf4 Rxb2 32. Kg3 c5 33.
Rf3 c4 34. Kf4 Rb3 35. Re3 c3 36. Re1 Rxa3 37. Ke3 b5 38. Kd3 b4 39. Rb1 a5 40.
f4 Ra2 41. Kc4 Rb2 42. Rc1 a4 43. e5 a3 44. f5 a2 45. e6 fxe6 0-1

[Event "SR 3. liga A2 2010/2011"]
[Site "?"]
[Date "2011.02.13"]
[Round "8.7"]
[White "Vegh, Vince"]
[Black "Hrubos, Milan"]
[Result "1/2-1/2"]
[WhiteElo "1947"]
[BlackElo "1802"]
[PlyCount "124"]
[EventDate "2010.??.??"]
[WhiteTeam "Slovakia"]
[BlackTeam "II"]
[WhiteTeamCountry "SVK"]
[BlackTeamCountry "SVK"]

1. e4 e5 2. Nf3 Nc6 3. Bb5 a6 4. Ba4 Nf6 5. O-O Be7 6. Re1 b5 7. Bb3 d6 8. h3
Na5 9. c3 Nxb3 10. Qxb3 Be6 11. Qc2 c5 12. d4 cxd4 13. cxd4 Rc8 14. Qd1 Qc7 15.
d5 Bd7 16. Bg5 h6 17. Bd2 O-O 18. a3 Nh7 19. Bb4 Bf6 20. Nbd2 a5 21. Bc3 Qb6
22. Nf1 Ng5 23. N1h2 Nxf3+ 24. Nxf3 Rb8 25. b4 a4 26. Rc1 Rbc8 27. Qd3 Be7 28.
Bd2 f5 29. Be3 Qb7 30. exf5 Bxf5 31. Qd2 Be4 32. Nxe5 Qxd5 33. Qxd5+ Bxd5 34.
Ng6 Kf7 35. Nxf8 Rxf8 36. Rc7 Re8 37. Bd4 g6 38. Bc3 Bc4 39. Bd2 g5 40. h4 Kf8
41. hxg5 hxg5 42. Bc3 Kf7 43. g3 Be6 44. Kg2 Rc8 45. Rxc8 Bxc8 46. f3 Bb7 47.
g4 Bc6 48. Kg3 Bd5 49. Bd4 Bc4 50. f4 gxf4+ 51. Kxf4 Bd8 52. g5 Kg6 53. Rg1 Bd5
54. Ke3 Bxg5+ 55. Kd3 Kf5 56. Kc3 Bc4 57. Re1 Bh4 58. Re8 Bg3 59. Kd2 Bf4+ 60.
Be3 Be5 61. Bb6 Bb2 62. Re3 d5 1/2-1/2

[Event "SR 3. liga A2 2010/2011"]
[Site "?"]
[Date "2011.02.13"]
[Round "8.7"]
[White "Zajicek, Ferdinand"]
[Black "Smrek, Peter"]
[Result "0-1"]
[WhiteElo "1873"]
[BlackElo "1882"]
[PlyCount "74"]
[EventDate "2010.??.??"]
[WhiteTeam "Slovakia"]
[BlackTeam "II"]
[WhiteTeamCountry "SVK"]
[BlackTeamCountry "SVK"]

1. e4 e5 2. Nf3 Nf6 3. Nc3 Nc6 4. Bc4 Bc5 5. h3 d6 6. O-O O-O 7. a3 a6 8. d3 h6
9. Be3 Nd4 10. Bxd4 exd4 11. Ne2 Be6 12. Ba2 Qd7 13. Kh2 Bxa2 14. Rxa2 Qe6 15.
Ra1 Bb6 16. Nexd4 Bxd4 17. Nxd4 Qe5+ 18. g3 Qxd4 19. c3 Qb6 20. Qe2 Rfe8 21. f4
Nd7 22. d4 Re7 23. e5 dxe5 24. fxe5 f6 25. Rf2 Qb3 26. Rf5 fxe5 27. Raf1 Rae8
28. dxe5 Rxe5 29. Rxe5 Rxe5 30. Qd2 Qe6 31. Rf2 Rh5 32. h4 Nf6 33. Qd8+ Kh7 34.
Qd3+ Qe4 35. Qd1 Ng4+ 36. Kg1 Rd5 37. Rd2 Qe3+ 0-1

[Event "SR 3. liga A2 2010/2011"]
[Site "?"]
[Date "2011.02.13"]
[Round "8.7"]
[White "Zarecky, Eduard"]
[Black "Vlkovic, Pavol"]
[Result "0-1"]
[WhiteElo "1968"]
[BlackElo "1840"]
[PlyCount "114"]
[EventDate "2010.??.??"]
[WhiteTeam "Slovakia"]
[BlackTeam "II"]
[WhiteTeamCountry "SVK"]
[BlackTeamCountry "SVK"]

1. d4 Nf6 2. c4 g6 3. Nc3 Bg7 4. Nf3 O-O 5. g3 d6 6. Bg2 c5 7. O-O Nbd7 8. Bg5
h6 9. Bc1 Rb8 10. dxc5 Nxc5 11. Be3 Ng4 12. Bd4 Nf6 13. Nd2 b6 14. Nd5 e5 15.
Bc3 Nxd5 16. cxd5 f5 17. f3 g5 18. b4 Na6 19. e4 f4 20. Qa4 Ra8 21. Nc4 Nc7 22.
Qc6 Ba6 23. Rfc1 Nb5 24. Nxd6 Nxd6 25. Qa4 Bb5 26. Qd1 Nc4 27. a4 Ne3 28. Qd2
Nxg2 29. Kxg2 Bd7 30. g4 Qf6 31. h3 Rfc8 32. b5 Rc5 33. Bb4 Rxc1 34. Rxc1 Qd8
35. Rc3 Rc8 36. Qc2 Rxc3 37. Qxc3 Qc8 38. Qxc8+ Bxc8 39. Bd6 a6 40. bxa6 Bxa6
41. Bc7 b5 42. d6 b4 43. d7 Bf6 44. Bxe5 Bd8 45. Kf2 Kf7 46. Ke1 Bb7 47. Bd6 b3
48. Kd2 Bc6 49. Kc3 Bxa4 50. Be5 Ke6 51. Bd4 Ba5+ 52. Kb2 Kxd7 53. Ka3 b2 54.
Kxb2 Bd1 55. Bg7 Bxf3 56. Bxh6 Bd8 57. h4 Bxe4 0-1

[Event "SR 3. liga A2 2010/2011"]
[Site "?"]
[Date "2011.02.13"]
[Round "8.8"]
[White "Benkovsky, Peter"]
[Black "Fidericky, Milan"]
[Result "1/2-1/2"]
[WhiteElo "1390"]
[BlackElo "1835"]
[PlyCount "63"]
[EventDate "2010.??.??"]
[WhiteTeam "Slovakia"]
[BlackTeam "II"]
[WhiteTeamCountry "SVK"]
[BlackTeamCountry "SVK"]

1. d4 d5 2. c4 e6 3. Nc3 Nf6 4. a3 Be7 5. e3 O-O 6. Nf3 c6 7. Qc2 Nbd7 8. c5
Re8 9. b4 Qc7 10. Bd3 e5 11. dxe5 Nxe5 12. Nxe5 Qxe5 13. f4 Qc7 14. O-O Bd7 15.
Bd2 Bf8 16. Rae1 g6 17. Rf3 Re7 18. e4 dxe4 19. Nxe4 Nxe4 20. Rxe4 Be6 21. Rg3
Bd5 22. Rxe7 Qxe7 23. f5 Kh8 24. Bc3+ f6 25. Kf2 Re8 26. Qe2 Qd8 27. Re3 Rxe3
28. Qxe3 b6 29. g3 bxc5 30. bxc5 Qe7 31. Qxe7 Bxe7 32. Bd4 1/2-1/2

[Event "SR 3. liga A2 2010/2011"]
[Site "?"]
[Date "2011.02.13"]
[Round "8.8"]
[White "Holiencin, Filip"]
[Black "Kalman, Miklos"]
[Result "1-0"]
[WhiteElo "1631"]
[BlackElo "1849"]
[PlyCount "61"]
[EventDate "2010.??.??"]
[WhiteTeam "Slovakia"]
[BlackTeam "II"]
[WhiteTeamCountry "SVK"]
[BlackTeamCountry "SVK"]

1. d4 d5 2. c4 dxc4 3. Nc3 e6 4. e3 Nf6 5. Bxc4 c6 6. Bd2 Bb4 7. Nge2 O-O 8.
Qc2 b5 9. Bd3 g6 10. O-O Be7 11. Rac1 Bb7 12. Ne4 Nbd7 13. Nxf6+ Nxf6 14. e4
Rc8 15. b4 a6 16. a3 Rc7 17. f4 Kg7 18. Rf3 h6 19. Rh3 Rh8 20. Rf1 Nh7 21. f5
g5 22. e5 f6 23. fxe6 Nf8 24. Rhf3 Nxe6 25. exf6+ Bxf6 26. Rxf6 Qxf6 27. Rxf6
Kxf6 28. d5 cxd5 29. Qb2+ d4 30. Nxd4 Rcc8 31. Nf5+ 1-0

[Event "SR 3. liga A2 2010/2011"]
[Site "?"]
[Date "2011.02.13"]
[Round "8.8"]
[White "Hornak, Pavol"]
[Black "Gajarsky, Julius"]
[Result "0-1"]
[WhiteElo "1773"]
[BlackElo "1869"]
[PlyCount "132"]
[EventDate "2010.??.??"]
[WhiteTeam "Slovakia"]
[BlackTeam "II"]
[WhiteTeamCountry "SVK"]
[BlackTeamCountry "SVK"]

1. d4 f5 2. c4 Nf6 3. Nc3 e6 4. a3 b6 5. e3 Bb7 6. Nf3 Be7 7. Be2 O-O 8. O-O d6
9. Qc2 Nbd7 10. Ng5 Qe8 11. Nxe6 Qg6 12. d5 Rfc8 13. Bd3 Qe8 14. Bxf5 g6 15.
Bh3 c6 16. Qb3 Rab8 17. a4 cxd5 18. cxd5 Nc5 19. Nxc5 Rxc5 20. Be6+ Kg7 21. e4
Ba6 22. Re1 Nd7 23. Be3 Rc7 24. Rac1 Nc5 25. Bxc5 bxc5 26. Qc2 Bf6 27. b3 Rcb7
28. Rb1 Bd4 29. Ne2 Bf6 30. Nf4 Qf8 31. Bg4 Qe7 32. Ne6+ Kg8 33. Be2 Bxe2 34.
Rxe2 Rb4 35. Re3 Qd7 36. Rd1 Qb7 37. g3 Rxb3 38. Rxb3 Qxb3 39. Qxb3 Rxb3 40.
Kg2 Rb4 41. Kf3 a5 42. g4 h6 43. Nf4 Rxa4 44. Nxg6 Kf7 45. Nf4 Ra3+ 46. Ke2 a4
47. Nd3 c4 48. Nb4 Rb3 49. Na2 Rb2+ 50. Rd2 c3 51. Nxc3 Bxc3 52. Rxb2 Bxb2 53.
Kd2 a3 54. Kc2 Kf6 55. f4 Bd4 56. h4 Be3 57. g5+ hxg5 58. fxg5+ Kg6 59. Kb3 Bc1
60. Ka2 Bb2 61. Kb3 Kh5 62. e5 Bxe5 63. Kxa3 Kxh4 64. g6 Kg5 65. g7 Bxg7 66.
Kb3 Kf5 0-1

[Event "SR 3. liga A2 2010/2011"]
[Site "?"]
[Date "2011.02.13"]
[Round "8.8"]
[White "Kosar, Attila"]
[Black "Sedlak, Rastislav"]
[Result "1/2-1/2"]
[WhiteElo "1498"]
[BlackElo "1560"]
[PlyCount "117"]
[EventDate "2010.??.??"]
[WhiteTeam "Slovakia"]
[BlackTeam "II"]
[WhiteTeamCountry "SVK"]
[BlackTeamCountry "SVK"]

1. e4 e5 2. Nf3 Nc6 3. Bc4 Nf6 4. Nc3 Bb4 5. d3 Bxc3+ 6. bxc3 h6 7. O-O O-O 8.
Re1 d6 9. h3 Re8 10. Rb1 Na5 11. Bb3 c5 12. c4 Bd7 13. Bd2 Nxb3 14. axb3 a5 15.
Ra1 a4 16. Qc1 Nh7 17. Ra3 b5 18. cxb5 Bxb5 19. Qb2 axb3 20. Qxb3 Rxa3 21. Qxa3
Qa8 22. Ra1 Bc6 23. Qxa8 Rxa8 24. Rxa8+ Bxa8 25. c4 Bc6 26. Kf1 Ba4 27. Ke2 Nf6
28. Nh4 Bd7 29. f4 exf4 30. Nf3 g5 31. e5 Ne8 32. Ba5 Bc6 33. exd6 Nxd6 34. Bd8
Bxf3+ 35. Kxf3 f5 36. h4 Nb7 37. Bc7 Kf7 38. g3 fxg3 39. Kxg3 Kg6 40. hxg5 hxg5
41. Be5 Na5 42. Bd6 Nb3 43. Kh3 Kh5 44. Kg3 Kg6 45. Be7 g4 46. Kh4 Kf7 47. Bd6
Ke6 48. Bf4 Nd4 49. Be3 Nf3+ 50. Kg3 Ne5 51. Bxc5 Nxd3 52. Bd4 Ne5 53. c5 Kd5
54. Bg1 Nd3 55. Be3 Nxc5 56. Kf4 Ne4 57. Kxf5 g3 58. Kf4 Nf2 59. Kxg3 1/2-1/2

[Event "SR 3. liga A2 2010/2011"]
[Site "?"]
[Date "2011.02.13"]
[Round "8.8"]
[White "Kubik, Peter"]
[Black "Sitar, Martin"]
[Result "1-0"]
[WhiteElo "1630"]
[BlackElo "1526"]
[PlyCount "51"]
[EventDate "2010.??.??"]
[WhiteTeam "Slovakia"]
[BlackTeam "II"]
[WhiteTeamCountry "SVK"]
[BlackTeamCountry "SVK"]

1. e4 c5 2. Nf3 Nc6 3. d4 cxd4 4. Nxd4 e5 5. Nb5 d6 6. N1c3 a6 7. Na3 b5 8. Nd5
Be6 9. Be2 Nd4 10. Bd3 Bxd5 11. exd5 Qa5+ 12. c3 b4 13. Nc4 Qxd5 14. cxd4 Qxg2
15. Qa4+ Ke7 16. Rf1 Qb7 17. dxe5 dxe5 18. Nxe5 f6 19. Nc6+ Ke8 20. Be4 Qd7 21.
Be3 Bd6 22. Rd1 Ne7 23. Bc5 Kf8 24. Rxd6 Qg4 25. Rd4 Qg5 26. Bxe7+ 1-0

[Event "SR 3. liga A2 2010/2011"]
[Site "?"]
[Date "2011.02.13"]
[Round "8.8"]
[White "Tomasovic, Martin"]
[Black "Papanek, Lubomir"]
[Result "0-1"]
[WhiteElo "1474"]
[BlackElo "1603"]
[PlyCount "70"]
[EventDate "2010.??.??"]
[WhiteTeam "Slovakia"]
[BlackTeam "II"]
[WhiteTeamCountry "SVK"]
[BlackTeamCountry "SVK"]

1. e4 c5 2. Nf3 d6 3. d4 cxd4 4. Nxd4 Nf6 5. Nc3 e6 6. Bd3 a6 7. Bg5 Be7 8. Nf3
Nbd7 9. O-O h6 10. Bh4 Nc5 11. Re1 e5 12. h3 Be6 13. Bxf6 Bxf6 14. Nd5 Bxd5 15.
exd5 Nxd3 16. Qxd3 O-O 17. Qe4 Be7 18. c4 f5 19. Qc2 Rc8 20. b3 b5 21. Rac1 b4
22. Re2 Qd7 23. Rce1 Bf6 24. Nh2 g5 25. g4 Bg7 26. gxf5 Rxf5 27. Rf1 Rff8 28.
Re3 Rf4 29. Rg3 Rcf8 30. Kg2 e4 31. Re3 Bd4 32. Re2 Rh4 33. Ng4 Rxg4+ 34. Kh1
Rg3 35. fxg3 Qxh3+ 0-1

[Event "SR 3. liga A2 2010/2011"]
[Site "?"]
[Date "2011.02.27"]
[Round "9.1"]
[White "Jablonicky, Frantisek"]
[Black "Janko, Michal"]
[Result "0-1"]
[WhiteElo "2150"]
[BlackElo "2274"]
[Annotator ",Gajarsky"]
[PlyCount "66"]
[EventDate "2010.??.??"]
[WhiteTeam "Slovakia"]
[BlackTeam "II"]
[WhiteTeamCountry "SVK"]
[BlackTeamCountry "SVK"]

1. Nf3 d6 2. d4 Bg4 3. Nbd2 Nd7 4. h3 Bh5 5. g4 Bg6 6. Nh4 e5 7. Nxg6 hxg6 8.
c3 c6 9. Qb3 Qc7 10. e4 Ngf6 11. Bg2 Be7 12. Nf1 d5 13. exd5 Nxd5 14. Be3 Nxe3
15. fxe3 Bh4+ 16. Kd2 exd4 17. cxd4 O-O 18. Kc2 a5 19. Rc1 a4 20. Qd3 a3 21. b3
Rfe8 22. Kb1 Qd6 23. Rc2 Qe7 24. Nd2 Qxe3 25. Qxe3 Rxe3 26. Nf3 Bg3 27. h4 Rae8
28. h5 gxh5 29. gxh5 Bf4 30. Rc4 Re2 31. Bf1 Rb2+ 32. Ka1 Rf2 33. Bh3 Ree2 0-1

[Event "SR 3. liga A2 2010/2011"]
[Site "?"]
[Date "2011.02.27"]
[Round "9.1"]
[White "Lesny, Stefan"]
[Black "Sefcik, Marek"]
[Result "1/2-1/2"]
[WhiteElo "2100"]
[BlackElo "2025"]
[PlyCount "92"]
[EventDate "2010.??.??"]
[WhiteTeam "Slovakia"]
[BlackTeam "II"]
[WhiteTeamCountry "SVK"]
[BlackTeamCountry "SVK"]

1. e4 Nc6 2. f4 d5 3. e5 Bf5 4. Nf3 e6 5. d3 f6 6. exf6 Nxf6 7. Be2 Bc5 8. d4
Bd6 9. c3 Ne4 10. Be3 O-O 11. g3 Ne7 12. Nbd2 Rc8 13. O-O Bh3 14. Re1 Nf5 15.
Bf1 Bxf1 16. Nxf1 Qf6 17. N3d2 Nxd2 18. Qxd2 h5 19. Bf2 Rce8 20. Ne3 Nxe3 21.
Bxe3 h4 22. Qc2 hxg3 23. hxg3 Qf5 24. Qxf5 exf5 25. Kf2 Kf7 26. Rh1 Rh8 27. Kf3
Kf6 28. Rae1 g6 29. Rd1 b5 30. Rc1 Rb8 31. b3 Ba3 32. Rce1 Bd6 33. Rc1 Ba3 34.
Rce1 a5 35. Bd2 Bd6 36. Rc1 a4 37. b4 Kg7 38. Be3 Rbe8 39. Rcg1 Rxh1 40. Rxh1
Rh8 41. Rxh8 Kxh8 42. Kg2 Kg7 43. Kh3 Kf6 44. Kh4 Be7 45. g4 Bd6 46. g5+ Kf7
$11 1/2-1/2